000 004220000a22001810004500
003 MACL
005 20160101141113.0
008 160101b xxu||||| |||| 00| 0 eng d
040 _aMACL
_cMACL
041 _aEnglish
082 _a420/HAR
100 _aHary
_926402
245 _aBrush up Your English
260 _bParichay Overseas
_c1983
350 _a18
650 _aold English
_926403
942 _cBK
_k420/Har
_2ddc
999 _c33776
_d33776